Tschechien A-Z - Statistiken

Allgemein
  • Dieses Quiz wurde 134 mal gespielt
  • Das Durchschnittsergebnis liegt bei 13 aus 26
Antwortstatistiken
Hinweis Antwort % Korrekt
D Nachbarland Deutschland
98%
P Hauptstadt Prag
96%
K Währung Tschechische {Krone}
93%
E Größter Fluß (Gesamtlänge) Elbe
88%
B Mittelalterliche deutsche Bezeichnung Böhmen
73%
N Angrenzendes österreichisches Bundesland Niederösterreich
69%
M Östlicher Landesteil Mähren
65%
O Großstadt in Osttschechien Olmütz | Ostrau
64%
J Besatzungsmacht gegen das der Volksaufstand von 1968 gerichtet warEnthält ein J Sowjetunion
64%
T Alternative deutsche BezeichnungNicht Tschechische Republik Nicht Tschechoslowakei Tschechei
64%
G Die Mönche Kyrill & Method entwickelten im Hochmittelalter in Tschechien das Kyrillische (Glagolitische) AlphabetAus welchem Land stammten sie?
Modernes Land
Griechenland
60%
U Biermarke Pilsner {Urquell}
60%
C Tschechisch für Tschechien Česko
50%
V KarlsbadTschechischer Name Karlovy {Vary}
45%
H Ketzer/ ReformatorWurde 1415 in Konstanz verbrannt Jan Hus
41%
F Volksaufstand 1968 #Per {Frühling}
40%
L Größter Fluß (Gesamtlänge)Tschechischer Name Labe
33%
S Höchster Berg Schneekoppe
31%
A Stadt nahe der sächsischen Grenze Aussig
28%
Z Präsident seit 2013 Miloš Zeman
27%
R Großstadt in Nordtschechien Reichenberg
27%
W Tilly schlug 1620 den "Winterkönig" Friedrich V in dieser Schlacht Schlacht am {Weißen Berg}
12%
I Grenzgebirge zu Polen {Iser}gebirge
9%
X Herrschergeschlecht 1310-1437Enthält ein X Haus {Luxemburg}
7%
Y Dynastie die im 11. Jhr. die tschechischen Länder einteEnthält ein Y Přemysliden
7%
Q Antiker Germanenstamm der in Tschechien siedelte Quaden
5%
Keine übereinstimmenden Quizze gefunden
Verteilung der Resultate
Anzahl Personen mit jedem Resultat
Perzentil nach korrekt beantworteten Fragen
Ihre Resultats-Entwicklung
Sie haben dieses Quiz noch nicht gespielt